Yugoslavia... or Soviet Union - Statistics

General Stats
  • This quiz has been taken 266 times
  • The average score is 17 of 20
Answer Stats
Question Answer % Correct
Was larger Soviet Union
99%
Slovenia was one of its republics Yugoslavia
99%
Had higher population Soviet Union
97%
Joseph Stalin was a leader of Soviet Union
97%
The Chernobyl disaster took place in Soviet Union
97%
Moldova was one of its republics Soviet Union
94%
Yuri Gagarin was born in Soviet Union
93%
Had land border with Greece Yugoslavia
93%
Melania Trump was born in Yugoslavia
92%
Had more republics Soviet Union
89%
Bordered Adriatic Sea Yugoslavia
89%
Used to be communist for most part of its existence Both
85%
Had more violent dissolution Yugoslavia
81%
Had a king Yugoslavia
79%
Had land border with Romania Both
78%
Was member of Non-Aligned Movement Yugoslavia
77%
Slavs were major ethnic group of Both
75%
Its capital was also its most populous city Both
68%
Has hosted the Olympics Both
60%
Has been in the Allies of World War II Both
59%
No matching quizzes found
Score Distribution
Percent of People with Each Score
Percentile by Number Answered
Your Score History
You have not taken this quiz